00986nam a2200229 a 450000100060000000300090000600800410001502000150005604000280007108200150009911000430011424500690015726000520022630000110027850500770028965000320036665000280039894200120042699900170043895201500045595201510060514668CO-ViMGA141112s2004 ck r 000 u spa d a9589645356 aCO-ViMGAbspacCO-ViMGA04a657.8 C656 aContaduria General de la nacion92138610aCultura contable publica : bel ciudadano, accionista del estado aBogotá, cPresidencia de la Republica, c2000 a170 p. aControl fiscal Control Politico departamental Corrupcion Gestion estatal14aCONTABILIDAD PUBLICA91044014aGERENCIA PUBLICA921387 2ddccBK c25210d25210 00102ddc40708002aMEVIECARbMEVIECARd2015-12-04hVolumen. 1 | 11/jun/2009l0o657.8 C656 p14668r2015-12-04 00:00:00tEj. 1w2015-12-04yBK 00102ddc40708002aMEVIECARbMEVIECARd2015-12-04hVolumen. 1 | 11/jun/2009l0o657.8 C656 p014668r2016-09-27 00:00:00tEj. 2w2015-12-04yBK